000 00285nam a22001217a 4500
008 170602b xxu||||| |||| 00| 0 eng d
041 _aeng
080 _23 ED
_a94(4)
100 _a17
101 _aSHH
245 _aESCAPE FROM HUNGER AND PREMATURE
_cFOGEL.R.W
942 _2udc
_cBK
999 _c15805
_d15805